Bein arbaym
Saved in:
| Main Author: | |
|---|---|
| Format: | Audio |
| Language: | Hebrew |
| Published: |
Tel Aviv :
Helicon,
1997.
|
| Subjects: | |
| Tags: |
Add Tag
No Tags, Be the first to tag this record!
|
| LEADER | 00577njm a22001937u 4500 | ||
|---|---|---|---|
| 001 | 007768551-2 | ||
| 005 | 20020606104010.5 | ||
| 008 | 910517s1997||||is ||nn||||||||||| heb|d | ||
| 028 | 0 | 2 | |a CSDJ152 |b Helicon. |
| 035 | 0 | |a ocm83770449 | |
| 100 | 1 | |a Rosenberg, Paul. | |
| 245 | 1 | 0 | |a Bein arbaym |h sound recording / |c Pablo Rozenberg. |
| 260 | 0 | |a Tel Aviv : |b Helicon, |c 1997. | |
| 300 | |a 1 sound disc : |b digital, stereo. ; |c 4 3/4 in. | ||
| 500 | |a Words of song in Hebrew printed on insert. | ||
| 500 | |a Compact disc single. | ||
| 650 | 0 | |a Songs, Hebrew |z Israel. | |
| 988 | |a 20020608 | ||
| 906 | |0 MH | ||


